Freeheld : amore giustizia uguaglianza /

Đã lưu trong:
Chi tiết về thư mục
Tác giả chính: Zimmer, Hans, (1957- ) (Nhà soạn nhạc)
Tác giả khác: Nyswaner, Ron (Người viết kịch bản), Shannon, Michael (attore) (Diễn viên), Moore, Julianne (Diễn viên), Charles, Josh (Diễn viên), Carell, Steve (Diễn viên), Sollett, Peter (Giám đốc), Grimes, Luke (Diễn viên), Page, Elliot (Diễn viên)
Định dạng: Slide
Ngôn ngữ:Tiếng Italy
Tiếng Anh
Được phát hành: [Italia] : Eagle Pictures, 2016
Các nhãn: Thêm thẻ
Không có thẻ, Là người đầu tiên thẻ bản ghi này!

MARC

LEADER 00000ngm a22000007i 4500
001 IT\ICCU\LO1\1619273
003 ItRI
005 20260124182843.0
008 160404s2016 it |||||||||||||||k|||||c
024 3 1 |a 8031179942190 
028 4 2 |a 16PD0020  |b alleg. a testate Mondadori 
028 4 2 |a 864219CVDO 
040 |b ita 
041 7 |a ita  |a eng  |2 ISO-639-2 
082 |a 791.43  |9 CINEMA  |2 14 
130 0 |a Freeheld <film ; 2015>  |3 IT\ICCU\LO1\1619275 
245 0 0 |a Freeheld :  |b amore giustizia uguaglianza /  |c regia Peter Sollett ; [sceneggiatura Ron Nyswaner ; musiche: Hans Zimmer]. 
260 |a [Italia] :  |b Eagle Pictures,  |c 2016 
300 |a 1 DVD-Video (99 min) :  |b sonoro (Dolby Digital 5.1), color. ;  |c in contenitore, 19 cm 
500 |a Codice area: 2; formato video: PAL, 16:9, 1.78:1; formato audio: Dolby Digital 5.1 
500 |a Titolo del contenitore 
500 |a Produzione cinematografica: USA, 2015 
500 |a Interpreti: Julianne Moore, Ellen Page, Michael Shannon, Steve Carell, Luke Grimes, Josh Charles, Mary Birdsong 
500 |a Lingue: italiano, inglese; sottotitoli: italiano, italiano per non udenti, inglese 
500 |a Contenuti extra: interviste, trailer 
500 |a Distribuito anche con le pubblicazioni del gruppo Mondadori 
700 1 |a Nyswaner, Ron  |0 IT\ICCU\CFIV\137954  |4 sce 
700 1 |a Shannon, Michael  |c  (attore)  |0 IT\ICCU\MODV\333221  |4 act 
700 1 |a Zimmer, Hans,  |d  (1957- )  |0 IT\ICCU\RAVV\092716  |4 cmp 
700 1 |a Moore, Julianne  |0 IT\ICCU\RAVV\222126  |4 act 
700 1 |a Charles, Josh  |0 IT\ICCU\RAVV\316893  |4 act 
700 1 |a Carell, Steve  |0 IT\ICCU\RAVV\485002  |4 act 
700 1 |a Sollett, Peter  |0 IT\ICCU\RAVV\573796  |4 drt 
700 1 |a Grimes, Luke  |0 IT\ICCU\RAVV\683173  |4 act 
700 1 |a Page, Elliot  |0 IT\ICCU\RAVV\698537  |4 act 
790 1 |a Zimmer, Hans  |c  (compositore)  |3 IT\ICCU\BCTV\010518  |z Zimmer, Hans (1957- ) 
790 1 |a Zimmer, Hans Florian  |3 IT\ICCU\SBNV\096234  |z Zimmer, Hans (1957- ) 
790 1 |a Zimmer, H. F.  |3 IT\ICCU\SBNV\096235  |z Zimmer, Hans (1957- ) 
790 1 |a Page, Ellen  |3 IT\ICCU\CFIV\368122  |z Page, Elliot 
942 |2 ddc  |c VM  |n 0 
952 |0 0  |1 0  |4 0  |6 VO_2336_000000000000000  |7 0  |9 27036  |a BO  |b BO  |d 2026-01-24  |i 18783  |l 0  |o VO 2336  |p BO18783  |r 2026-01-24 18:28:44  |w 2026-01-24  |x [Sebina 5] [1 dvd]  |y VM  |z 1 dvd 
999 |c 22877  |d 22877